LEADER 01248nam a2200277 4500 001 000000363312 003 CaOOAMICUS 005 20251022162515.0 008 250624s2015 it 000 u ita r 020 $a978-88-97332-75-6 040 $aSeMil$bita 100 1 $aTacchini, Davide.$0(OLS)http://semarc/name/67398 245 10$aRadicalismo islamico /$cDavide Tacchini ; con il diario americano di Sayyid Qutb. 264 1$aMilano :$bO barra O,$c2015. 300 $a160 p. ;$c21 cm 490 1 $aOccidente_Oriente 500 $aContiene la traduzione integrale dall'arabo a cura di Davide Tacchini del testo di Sayyid Qu?b, Amr?k? allat? ra'aytu 650 4$aFondamentalismo islamico - Storia.$0(OLS)http://semarc/subject/53141 700 1 $aQu?b, Sayyid,$d<1906-1966>.$0(OLS)http://semarc/name/122284 830 0$aOccidente_Oriente.$0(OLS)http://semarc/title/454397 850 $aSeMil 852 $aSeMil$W1$xVenegono$y1$m3M II 458$j258755$B254171$CSeMilBibl$Z2$F254171 $81 996 $6020$a978-88-97332-75-6$9(OLS)http://semarc/number/303469 996 $6245$aRadicalismo islamico$9(OLS)http://semarc/title/454498 996 $6264$aMilano :$bO barra O$9(OLS)http://semarc/publisher/62432 LEADER 01320nam a2200325 i 4500 001 000000112983 003 CaOOAMICUS 005 20030310000000.0 008 030310s1999 it u000 u ita u 013 $a85667 020 $a88-7144-957-6 040 $aSeMil$bita 100 1 $aErikson, Erik Homburger <1902-1994>.$0(OLS)http://semarc/name/17498 245 12$aI cicli della vita :$bcontinuità e mutamenti /$cErik H. Erikson. 250 $aNuova ed. 260 $aRoma :$bArmando,$c1999. 300 $a157 p. ;$c24 cm. 490 0 $aCollana medico-psico-pedagogica 500 $aFondo Card. C.M. Martini. 650 4$aPersonalità - Psicologia.$0(OLS)http://semarc/subject/7208 650 4$aIdentità - Psicologia.$0(OLS)http://semarc/subject/7221 650 4$aPersonalità - Sviluppo.$0(OLS)http://semarc/subject/2402 830 0$aCollana medico-psico-pedagogica.$0(OLS)http://semarc/title/11681 850 $aSeMil 852 $aSeMil$W1$xVenegono$y1$m2O V 65$j68700$B68700$CSeMilBibl$Z2$F88240 $81 941 1 $a4 961 $aOmaggio: Martini Card. Carlo Maria 996 $6020$a88-7144-957-6$9(OLS)http://semarc/number/95759 996 $6245$aI cicli della vita :$bcontinuità e mutamenti$9(OLS)http://semarc/title/164850 996 $6260$aRoma :$bArmando$9(OLS)http://semarc/publisher/29857